Central Library OPAC University of Rajshahi

Gandhara sculpture from Pakistan museums / (Record no. 76704)

MARC details
000 -LEADER
fixed length control field 01089cam a22003131 4500
001 - CONTROL NUMBER
control field 76704
003 - CONTROL NUMBER IDENTIFIER
rucl marc code BD-RjUL
005 - DATE AND TIME OF LATEST TRANSACTION
control field 20211209082857.0
008 - FIXED-LENGTH DATA ELEMENTS--GENERAL INFORMATION
fixed length control field 200117s1960 nyua b 000 0 eng
035 ## - SYSTEM CONTROL NUMBER
System control number (BD-RjUL)76928
040 ## - CATALOGING SOURCE
Original cataloging agency DLC
Transcribing agency CU
Modifying agency OKentU
-- OCoLC
-- DGU
-- DLC
Language of cataloging eng
041 ## - LANGUAGE CODE
Language code of text/sound track or separate title eng
042 ## - AUTHENTICATION CODE
Authentication code premarc
082 ## - DEWEY DECIMAL CLASSIFICATION NUMBER
Classification number 730.9549123
Edition number 23
Author mark and year ROG 1960
100 1# - MAIN ENTRY--PERSONAL NAME
Personal name Rowland, Benjamin,
Dates associated with a name 1904-1972.
9 (RLIN) 237434
245 10 - TITLE STATEMENT
Title Gandhara sculpture from Pakistan museums /
Statement of responsibility, etc. with a text by Benjamin Rowland, Jr
260 ## - PUBLICATION, DISTRIBUTION, ETC. (IMPRINT)
Place of publication, distribution, etc. New York :
Name of publisher, distributor, etc. Asia Society,
Date of publication, distribution, etc. c1960
300 ## - PHYSICAL DESCRIPTION
Pagination 64 p. :
Illustrations ill. ;
Size 21 cm
500 ## - GENERAL NOTE
General note Catalog of a traveling exhibition developed under the direction of the Asia Society
504 ## - BIBLIOGRAPHY, ETC. NOTE
Bibliography, etc Bibliography: p. 56-57
650 #0 - SUBJECT ADDED ENTRY--TOPICAL TERM
Topical term or geographic name as entry element Sculpture
Geographic subdivision Pakistan
-- Peshawar District
Form subdivision Exhibitions.
9 (RLIN) 237435
Topical term or geographic name as entry element Sculpture, Gandhara
Form subdivision Exhibitions.
9 (RLIN) 237436
Topical term or geographic name as entry element Buddhist art
Form subdivision Exhibitions.
9 (RLIN) 237437
710 2# - ADDED ENTRY--CORPORATE NAME
Corporate name or jurisdiction name as entry element Asia Society.
9 (RLIN) 237438
906 ## - LOCAL DATA ELEMENT F, LDF (RLIN)
a 7
b cbc
c oclcrpl
d u
e ncip
f 19
g y-gencatlg
942 ## - ADDED ENTRY ELEMENTS (KOHA)
Source of classification or shelving scheme Dewey Decimal Classification
Koha item type Books
Holdings
Lost status Source of classification or shelving scheme Damaged status Not for loan Collection code Permanent Location Current Location Shelving location Date acquired Source of acquisition Total Checkouts Full call number Date last seen Copy number Koha item type
  Dewey Decimal Classification   Not For Loan Non-fiction Central Library, University of Rajshahi Central Library, University of Rajshahi Reading Room 13/09/1960 Public relation dept east pakistan   730.9549123 ROG 1960 13/01/2020 C-1 Books
  Dewey Decimal Classification     Non-fiction Central Library, University of Rajshahi Central Library, University of Rajshahi   13/09/1960 Public relation dept east pakistan   730.9549123 ROG 1960 13/01/2020 C-2 Books